Використання стилістичних фігур семасіології синонімів у мові американських публіцистичних текстів (Запис № 283979)
[ простий вигляд ]
| 000 -LEADER | |
|---|---|
| fixed length control field | 01450nam a22001337a 4500 |
| 080 ## - UNIVERSAL DECIMAL CLASSIFICATION NUMBER | |
| Universal Decimal Classification number | 09 |
| 090 ## - LOCALLY ASSIGNED LC-TYPE CALL NUMBER (OCLC); LOCAL CALL NUMBER (OCLC) | |
| Local cutter number (OCLC) ; Book number/undivided call number, CALL (RLIN) | КАС |
| 100 ## - MAIN ENTRY--PERSONAL NAME | |
| Personal name | Касячук І.А. |
| 245 ## - TITLE STATEMENT | |
| Title | Використання стилістичних фігур семасіології синонімів у мові американських публіцистичних текстів |
| 260 ## - PUBLICATION, DISTRIBUTION, ETC. (IMPRINT) | |
| Place of publication, distribution, etc | Острог |
| Name of publisher, distributor, etc | КАФ |
| Date of publication, distribution, etc | 2007 |
| 300 ## - PHYSICAL DESCRIPTION | |
| Extent | 65 |
| 520 ## - SUMMARY, ETC. | |
| Summary, etc | ВСТУП<br/>Розділ 1 Проблеми синонімії в сучасній англійській мові.<br/>1.1 Теоретичні засади дослідження.<br/>1.2 Лексико-семантичні класифікації мовних елементів.<br/>1.3 Синоніми фігура семасіології.<br/>1.4 Явище синонімії. Види синонімів.<br/>1.5 Синоніми, що виражають ставлення особистості до інших осіб.<br/>Розділ 2 Лексико-семантична характеристика синонімів у публіцистичних текстах.<br/>2.1 З історії питання лексичної синонімії.<br/>2.2 Ідеографічні синоніми в публіцистичних виданнях.<br/>2.3 Емоційно-експресивні синоніми в мові публіцистичних текстів.<br/>ВИСНОВОК |
| -- | синонімія,семасіологія |
| 942 ## - ADDED ENTRY ELEMENTS (KOHA) | |
| Koha item type | Книги |
| Withdrawn status | Lost status | Source of classification or shelving scheme | Damaged status | Not for loan | Home library | Current library | Date acquired | Source of acquisition | Cost, normal purchase price | Total Checkouts | Full call number | Barcode | Date last seen | Price effective from | Koha item type |
|---|---|---|---|---|---|---|---|---|---|---|---|---|---|---|---|
| Universal Decimal Classification | ВІЛ - Відділ іноземн. літератури НБ | ВІЛ - Відділ іноземн. літератури НБ | 16/04/2009 | Акт №1 | 1.00 | 09 | 213559 | 20/12/2021 | 16/04/2009 | Книги |